<?xml version='1.0' encoding='UTF-8'?>
  <record xmlns="http://www.loc.gov/MARC21/slim">
    <leader>00000cam a2200000 a 4500</leader>
    <controlfield tag="001">ocm31338480</controlfield>
    <controlfield tag="003">OCoLC</controlfield>
    <controlfield tag="005">20250607195720.6</controlfield>
    <controlfield tag="008">921202s1892    ne            000 0 dut d</controlfield>
    <datafield tag="040" ind1=" " ind2=" ">
      <subfield code="a">BHA</subfield>
      <subfield code="b">eng</subfield>
      <subfield code="c">BHA</subfield>
      <subfield code="d">OCLCQ</subfield>
      <subfield code="d">OCLCG</subfield>
      <subfield code="d">OCLCQ</subfield>
      <subfield code="d">OCLCF</subfield>
      <subfield code="d">OCLCQ</subfield>
      <subfield code="d">OCLCO</subfield>
      <subfield code="d">OCLCA</subfield>
      <subfield code="d">OCLCO</subfield>
      <subfield code="d">OCLCL</subfield>
      <subfield code="d">OCLCQ</subfield>
    </datafield>
    <datafield tag="029" ind1="1" ind2=" ">
      <subfield code="a">NLGGC</subfield>
      <subfield code="b">811180751</subfield>
    </datafield>
    <datafield tag="035" ind1=" " ind2=" ">
      <subfield code="a">(OCoLC)31338480</subfield>
    </datafield>
    <datafield tag="043" ind1=" " ind2=" ">
      <subfield code="a">ponn---</subfield>
    </datafield>
    <datafield tag="100" ind1="1" ind2=" ">
      <subfield code="a">Paton, John Gibson,</subfield>
      <subfield code="d">1824-1907.</subfield>
      <subfield code="1">https://id.oclc.org/worldcat/entity/E39PBJv4mGkpH6Fk3yRyCKTGpP</subfield>
    </datafield>
    <datafield tag="240" ind1="1" ind2="0">
      <subfield code="a">John G. Paton, missionary to the New Hebrides.</subfield>
      <subfield code="l">Dutch</subfield>
    </datafield>
    <datafield tag="245" ind1="1" ind2="0">
      <subfield code="a">John G. Paton zendeling op de Nieuws Hebriden :</subfield>
      <subfield code="b">enne levensschets /</subfield>
      <subfield code="c">uitgegeven door zijn Broeder ; uit het Engelsch door Christine.</subfield>
    </datafield>
    <datafield tag="250" ind1=" " ind2=" ">
      <subfield code="a">2. Druk., Goedkkoope Volksuitgave.</subfield>
    </datafield>
    <datafield tag="260" ind1=" " ind2=" ">
      <subfield code="a">Amsterdam :</subfield>
      <subfield code="b">Jacques Dusseau &amp; Co.,</subfield>
      <subfield code="c">[1892]</subfield>
    </datafield>
    <datafield tag="300" ind1=" " ind2=" ">
      <subfield code="a">372 pages ;</subfield>
      <subfield code="c">22 cm</subfield>
    </datafield>
    <datafield tag="336" ind1=" " ind2=" ">
      <subfield code="a">text</subfield>
      <subfield code="b">txt</subfield>
      <subfield code="2">rdacontent</subfield>
    </datafield>
    <datafield tag="337" ind1=" " ind2=" ">
      <subfield code="a">unmediated</subfield>
      <subfield code="b">n</subfield>
      <subfield code="2">rdamedia</subfield>
    </datafield>
    <datafield tag="338" ind1=" " ind2=" ">
      <subfield code="a">volume</subfield>
      <subfield code="b">nc</subfield>
      <subfield code="2">rdacarrier</subfield>
    </datafield>
    <datafield tag="500" ind1=" " ind2=" ">
      <subfield code="a">Translation of: John G. Paton, missionary to the New Hebrides.</subfield>
    </datafield>
    <datafield tag="650" ind1=" " ind2="0">
      <subfield code="a">Missions</subfield>
      <subfield code="z">Vanuatu.</subfield>
    </datafield>
    <datafield tag="650" ind1=" " ind2="7">
      <subfield code="a">Missions.</subfield>
      <subfield code="2">fast</subfield>
      <subfield code="0">(OCoLC)fst01023771</subfield>
    </datafield>
    <datafield tag="651" ind1=" " ind2="7">
      <subfield code="a">Vanuatu.</subfield>
      <subfield code="2">fast</subfield>
      <subfield code="0">(OCoLC)fst01214612</subfield>
      <subfield code="1">https://id.oclc.org/worldcat/entity/E39PBJvhrQ8PGtxP9VWJFKth73</subfield>
    </datafield>
    <datafield tag="700" ind1="1" ind2=" ">
      <subfield code="a">Paton, James,</subfield>
      <subfield code="d">1843-1906.</subfield>
      <subfield code="1">https://id.oclc.org/worldcat/entity/E39PBJwxKPK9GtVfjvT3cPpByd</subfield>
    </datafield>
    <datafield tag="758" ind1=" " ind2=" ">
      <subfield code="i">has work:</subfield>
      <subfield code="a">John G. Paton zendeling op de Nieuws Hebriden (Text)</subfield>
      <subfield code="1">https://id.oclc.org/worldcat/entity/E39PCFCCCQv6cddqH8w3XpYyr3</subfield>
      <subfield code="4">https://id.oclc.org/worldcat/ontology/hasWork</subfield>
    </datafield>
    <datafield tag="776" ind1="0" ind2="8">
      <subfield code="i">Online version:</subfield>
      <subfield code="a">Paton, John Gibson, 1824-1907.</subfield>
      <subfield code="s">John G. Paton, missionary to the New Hebrides. Dutch.</subfield>
      <subfield code="t">John G. Paton zendeling op de Nieuws Hebriden.</subfield>
      <subfield code="b">2. Druk., Goedkkoope Volksuitgave.</subfield>
      <subfield code="d">Amsterdam : Jacques Dusseau &amp; Co., [1892]</subfield>
      <subfield code="w">(OCoLC)984994012</subfield>
    </datafield>
    <datafield tag="936" ind1=" " ind2=" ">
      <subfield code="a">BATCHLOAD</subfield>
    </datafield>
  </record>